THE CROSS AND THE BEATITUDES /

Guardado en:
Detalles Bibliográficos
Autor principal: Sheen, Fulton J. (autor)
Formato: Libro
Temas:
Etiquetas: Agrega una etiqueta
Sin etiquetas, Sé el primero en etiquetar este registro!

MARC

LEADER 00000nam^a2200000^a^4500
001 000241304
005 20250521000000.0
009 20260310105208.543
035 |a 064314 
037 |a Acervo Xavier Clavigero 
082 |a 241. 53  |b SHE 
100 |a Sheen, Fulton J.  |e (autor) 
245 1 4 |a THE CROSS AND THE BEATITUDES /  |c FULTON J. SHEEN 
264 |a NEW YORK :  |b GARDEN CITY,  |c 1937 
300 |a 96 p. 
336 |a texto  |b txt  |2 rdacontenido 
337 |a sin mediación  |b n  |2 rdamedio 
338 |a volumen  |b nc  |2 rdasoporte 
649 |a XX 
650 |a Bienaventuranzas 
650 |a Sermón de la Montaña 
910 |a Fondo General 
920 |a Impresos - Libros 
930 |a Colección General 
905 |a 101 
901 |a 064314  |b IT1  |c ACC  |i 064314  |u 20250521 
902 |a https://opac.biblio.iteso.mx/vufind/Record/000241304